| 000 | 00555nam a22002057a 4500 | ||
|---|---|---|---|
| 003 | OSt | ||
| 005 | 20140310183638.0 | ||
| 008 | 130218t xxu||||| |||| 00| 0 eng d | ||
| 020 | _a9812401288 | ||
| 050 |
_aTK 5105.888 _b.Sh545 2001 |
||
| 100 | _aShelly, Gary B. | ||
| 245 |
_aWeb design : _cShelly, Gary B. _bintroduction concepts and techniques / |
||
| 260 |
_aSingapore : _bCourse Technology _c2001. |
||
| 300 |
_a(various pagings) : _c23 cm. _bill. ; |
||
| 521 | _aIT | ||
| 562 | _e2 | ||
| 942 |
_2lcc _cBK _kFOR |
||
| 999 |
_c25753 _d25753 |
||